000 00280nam a2200109Ia 4500
008 190216s9999||||xx |||||||||||||| ||und||
100 _aDogra S. K & Dogra S
245 0 _aPhysical Chemistry Through Problems
260 _bWiley Eastern Ltd
_c1984
300 _a674p
942 _cBK
999 _c2628
_d2628